Машины для уплотнения дорожных и аэродромных покрытий (Запись № 286122)

Подробности
000 -МАРКЕР
контрольное поле 02138nam1a2200385 i 4500
001 - ИДЕНТИФИКАТОР ЗАПИСИ
контрольное поле RU\NLR\bibl\1259531
005 - ИДЕНТИФИКАТОР ВЕРСИИ
контрольное поле 20241114230615.0
035 ## - ДРУГИЕ СИСТЕМНЫЕ НОМЕРА
Идентификатор записи (NLR Aleph) 001245533
100 ## - ДАННЫЕ ОБЩЕЙ ОБРАБОТКИ
Данные общей обработки 20080807g20089999u y0rusy50 ca
101 0# - ЯЗЫК РЕСУРСА
Язык текста, звукозаписи и т.д. русский
102 ## - СТРАНА ПУБЛИКАЦИИ ИЛИ ПРОИЗВОДСТВА
Страна публикации Российская Федерация
105 ## - ПОЛЕ КОДИРОВАННЫХ ДАННЫХ: ТЕКСТОВЫЕ МАТЕРИАЛЫ, МОНОГРАФИЧЕСКИЕ
Кодированные данные о монографическом текстовом документе ||||g |||||
200 1# - ЗАГЛАВИЕ И СВЕДЕНИЯ ОБ ОТВЕТСТВЕННОСТИ
Основное заглавие Машины для уплотнения дорожных и аэродромных покрытий
Наименование части Асфальтоукладчики, дорожные катки и виброплиты
Сведения, относящиеся к заглавию справочник
Первые сведения об ответственности [Грифф М.И. и др.]
Последующие сведения об ответственности под общ. ред. д.т.н., проф. Гриффа М.И.
210 ## - ПУБЛИКАЦИЯ, РАСПРОСТРАНЕНИЕ И ДР.
Место издания, распространения и т.д. Москва
Имя издателя, распространителя и т. д. Изд-во Ассоциации строительных вузов
Дата издания, распространения и т.д. 2008
215 ## - ФИЗИЧЕСКАЯ ХАРАКТЕРИСТИКА
Размеры 28
225 1# - СЕРИЯ
Основное заглавие серии Строительные машины мира
300 ## - ОБЩИЕ ПРИМЕЧАНИЯ
Текст примечания На обороте тит. л. в аннот.: ...первый из серии справочников, периодически подгот. к печати, посвящ. машинам для уплотнения дорожных и аэродромных покрытий
463 #0 - УРОВЕНЬ ФИЗИЧЕСКОЙ ЕДИНИЦЫ
Встроенное поле 0011246542
463 #0 - УРОВЕНЬ ФИЗИЧЕСКОЙ ЕДИНИЦЫ
Встроенное поле 0011246549
463 #0 - УРОВЕНЬ ФИЗИЧЕСКОЙ ЕДИНИЦЫ
Встроенное поле 0011246487
606 1# - НАИМЕНОВАНИЕ ТЕМЫ КАК ПРЕДМЕТ
Наименование темы Виброплиты
Формальный подзаголовок Справочники
Системный номер авторитетной/нормативной записи 2520480
Идентификатор авторитетной/нормативной записи RU\NLR\auth\661493594
606 ## - НАИМЕНОВАНИЕ ТЕМЫ КАК ПРЕДМЕТ
Наименование темы Дорожные катки
Формальный подзаголовок Справочники
Системный номер авторитетной/нормативной записи 893474
Идентификатор авторитетной/нормативной записи RU\NLR\auth\663311
606 ## - НАИМЕНОВАНИЕ ТЕМЫ КАК ПРЕДМЕТ
Наименование темы Машины для уплотнения дорожных покрытий
Формальный подзаголовок Справочники
Системный номер авторитетной/нормативной записи 2520483
Идентификатор авторитетной/нормативной записи RU\NLR\auth\661493595
606 ## - НАИМЕНОВАНИЕ ТЕМЫ КАК ПРЕДМЕТ
Наименование темы Машины для уплотнения аэродромных покрытий
Формальный подзаголовок Справочники
Системный номер авторитетной/нормативной записи 2520484
Идентификатор авторитетной/нормативной записи RU\NLR\auth\661493596
606 ## - НАИМЕНОВАНИЕ ТЕМЫ КАК ПРЕДМЕТ
Наименование темы Асфальтоукладчики
Формальный подзаголовок Справочники
Системный номер авторитетной/нормативной записи 2610096
Идентификатор авторитетной/нормативной записи RU\NLR\auth\661546654
686 ## - ИНДЕКСЫ ДРУГИХ КЛАССИФИКАЦИЙ
Индекс О513-060.326-5я22
686 ## - ИНДЕКСЫ ДРУГИХ КЛАССИФИКАЦИЙ
Индекс О311-060.62-5я22
702 #1 - ИМЯ ЛИЦА - ВТОРИЧНАЯ ОТВЕТСТВЕННОСТЬ
Начальный элемент ввода Грифф
Часть имени, кроме начального элемента ввода М. И.
Расширение инициалов личного имени Мирон Исаакович
Код отношения Составитель
801 #0 - ИСТОЧНИК ЗАПИСИ
Страна Российская Федерация
Организация NLR
Дата составления 20080807
Правила каталогизации RCR
801 #1 - ИСТОЧНИК ЗАПИСИ
Страна Российская Федерация
Организация NLR
Дата составления 20080807
830 ## - ОБЩЕЕ ПРИМЕЧАНИЕ, СОСТАВЛЕННОЕ КАТАЛОГИЗАТОРОМ
Текст примечания сост. по базе
852 ## - МЕСТОНАХОЖДЕНИЕ И ШИФР ХРАНЕНИЯ
Идентификатор организации NLR
Шифр хранения (Call Number) Пт 2008-1/46
942 ## - ДОПОЛНИТЕЛЬНЫЕ ЭЛЕМЕНТЫ ЗАПИСИ (АБИС)
Тип экземпляра АБИС Книга

Нет доступных экземпляров.